Catálogo
 En Linea

Más imágenes del ayer / (Registro nro. 27474)

Detalles MARC
000 -CABECERA
campo de control de longitud fija 01619nam a2200325 a 4500
001 - NÚMERO DE CONTROL
campo de control 000027982
003 - IDENTIFICADOR DEL NÚMERO DE CONTROL
campo de control DO-SdBNP
005 - FECHA Y HORA DE LA ÚLTIMA TRANSACCIÓN
campo de control 20240613085746.0
006 - CÓDIGOS DE INFORMACIÓN DE LONGITUD FIJA--CARACTERÍSTICAS DEL MATERIAL ADICIONAL
campo de control de longitud fija a||||gr|||| 00| 0
007 - CAMPO FIJO DE DESCRIPCIÓN FÍSICA--INFORMACIÓN GENERAL
campo de control de longitud fija ta
008 - DATOS DE LONGITUD FIJA--INFORMACIÓN GENERAL
campo de control de longitud fija 110406s1988 dr ac r 000 | spa d
040 ## - FUENTE DE LA CATALOGACIÓN
Centro catalogador/agencia de origen DO-SdBNP
Lengua de catalogación spa
Centro/agencia transcriptor BNPHU
Normas de descripción rda
082 #4 - NÚMERO DE LA CLASIFICACIÓN DECIMAL DEWEY
Número de clasificación 972.9304
Número de documento/Ítem V422m
Número de edición 22
100 1# - ENTRADA PRINCIPAL--NOMBRE DE PERSONA
Nombre de persona Vega, Bernardo,
Fechas asociadas al nombre 1938 -
9 (RLIN) 3222
Término indicativo de función/relación autor
245 10 - MENCIÓN DE TÍTULO
Título Más imágenes del ayer /
Mención de responsabilidad, etc. Bernardo Vega; presentación, George Arzeno Brugal.
264 ## - PRODUCCIÓN, PUBLICACIÓN, DISTRIBUCIÓN, FABRICACIÓN Y COPYRIGHT
Producción, publicación, distribución, fabricación y copyright Santo Domingo :
Nombre del de productor, editor, distribuidor, fabricante Centenario de Brugal &Co. C. por A.
Fecha de producción, publicación, distribución, fabricación o copyright 1988.
300 ## - DESCRIPCIÓN FÍSICA
Extensión 239 páginas :
Otras características físicas ilustraciones, retratos ;
Dimensiones 28 cm.
336 ## - TIPO DE CONTENIDO
Fuente rdacontent
Término de tipo de contenido texto
Código de tipo de contenido txt
337 ## - TIPO DE MEDIO
Fuente rdamedia
Nombre/término del tipo de medio sin mediación
Código del tipo de medio n
338 ## - TIPO DE SOPORTE
Fuente rdacarrier
Nombre/término del tipo de soporte volumen
Código del tipo de soporte nc
490 1# - MENCIÓN DE SERIE
Mención de serie Centenario
500 ## - NOTA GENERAL
Nota general Incluye datos biográficos del autor en la contracubierta.
500 ## - NOTA GENERAL
Nota general Incluye pie de fotos.
500 ## - NOTA GENERAL
Nota general Incluye abreviaturas.
504 ## - NOTA DE BIBLIOGRAFÍA, ETC.
Nota de bibliografía, etc. Biblioigrafía de fotografías: 231 - 239
505 ## - NOTA DE CONTENIDO CON FORMATO
Nota de contenido con formato Introducción.
Título Desde la Muerte de Lilis (julio 1899).--
-- El Gobierno de Ramón (Mon) Céceres (diciembre 1905- noviembre 1911).--
-- Los Gobiernos de Victoira y Bordas y la Pérdida de la Soberanía Nacional (noviembre 1911 -mayo 1916).--
-- La Ocupación Militar Norteamericana (julio 1916 - agosto 1924.--
-- El Gobierno de Horacio Vásquez (julio 1924- febrero 1930).--
-- Informantes.--
-- Abreviaturas.--
-- Lugares donde fueron ubicadas las publicaciones de donde se extrajeron las fotografías.--
-- Fuen tes de la fotografías.
590 ## - NOTA LOCAL (RLIN)
Nota local Inventariado, 2024 / MF
700 #2 - PUNTO DE ACCESO ADICIONAL--NOMBRE DE PERSONA
Nombre de persona Arzeno Brugal, George,
9 (RLIN) 58864
Término indicativo de función/relación presentación
942 ## - ELEMENTOS DE PUNTO DE ACCESO ADICIONAL (KOHA)
Fuente del sistema de clasificación o colocación Dewey Decimal Classification
Tipo de ítem Koha Libro
Existencias
Estado de retiro Estado de pérdida Fuente del sistema de clasificación o colocación Restricciones de uso No para préstamo Código de colección Localización permanente Ubicación/localización actual Ubicación en estantería Fecha de adquisición Fuente de adquisición Total de préstamos Signatura topográfica completa Código de barras Fecha visto por última vez Precio válido a partir de Tipo de ítem Koha Número de inventario Número de copia
    Dewey Decimal Classification Excluido de préstamo   Patrimonio Dominicano Biblioteca Nacional Pedro Henríquez Ureña Biblioteca Nacional Pedro Henríquez Ureña Depósito 06.04.2011 Perteneció a la biblioteca personal de la familia Reyes Duluc.   972.9304 V422m 27982-10 25.06.2020 25.06.2020 Libro    
    Dewey Decimal Classification Préstamo en sala   Dominicana de Servicio Biblioteca Nacional Pedro Henríquez Ureña Biblioteca Nacional Pedro Henríquez Ureña En catalogación 12.06.2023 Perteneció a la biblioteca personal de Emilio Cordero Michel / Presidencia de la República   972.9304 V422m 2024-3427 12.06.2024 12.06.2024 Libro   e.3
        Excluido de préstamo Patrimonio Dominicano Patrimonio Dominicano Patrimonio Dominicano Depósito 18.07.2019     972.9304 V422m 27982-20 25.06.2020 25.06.2020 Libro y Folleto Colección Patrimonio Dominicano LF1 e.2

Con tecnología Koha